[Event "GRE-chT U16"]
[Site "Thessaloniki"]
[Date "2019.11.29"]
[Round "2.1"]
[White "Leftheriotis, Alexandros"]
[Black "Polymeras, Evangelos"]
[Result "1-0"]
[WhiteElo "1869"]
[BlackElo "1701"]
[PlyCount "131"]
[EventDate "2019.11.28"]
[EventType "team-swiss"]
[EventRounds "6"]
[EventCountry "GRE"]
[SourceTitle "CBM 193 Extra"]
[Source "ChessBase"]
[SourceDate "2020.01.31"]
[SourceVersion "1"]
[SourceVersionDate "2020.01.31"]
[SourceQuality "1"]
[WhiteTeam "Kerkiras"]
[BlackTeam "Triandrias"]
[WhiteTeamCountry "GRE"]
[BlackTeamCountry "GRE"]

1. e4 e5 2. Nf3 Nc6 3. d4 exd4 4. Nxd4 Bc5 5. Nxc6 bxc6 6. Bd3 h6 7. 0-0 d6 8. Nc3 Be6 9. Na4 Bd4 10. c3 Bf6 11. Be3 g5 12. Qc2 Ne7 13. c4 c5 14. Rad1 Be5 15. Be2 Qc8 16. Nc3 Ng6 17. a3 Rb8 18. Rb1 a5 19. Rfd1 0-0 20. g3 c6 21. Qd2 f5 22. exf5 Bxf5 23. Bd3 Rb7 24. Ne4 Qb8 25. Nxd6 Qxd6 26. Bxf5 Rxf5 27. Qxd6 Bxd6 28. Rxd6 Ne5 29. Rxh6 Kg7 30. Rd6 Nxc4 31. Rxc6 Nxa3 32. Rc1 Rxb2 33. R1xc5 Rb5 34. Rc7+ Kg8 35. Rxf5 Rxf5 36. g4 Rd5 37. Kg2 Nb5 38. Rc6 a4 39. Rg6+ Kf7 40. Rxg5 Rxg5 41. Bxg5 a3 42. Bc1 a2 43. Bb2 Nd6 44. h4 Nc4 45. Bc3 Na3 46. f4 Nc2 47. Kg3 a1Q 48. Bxa1 Nxa1 49. g5 Nc2 50. h5 Ne3 51. Kf3 Nf5 52. Kg4 Ne3+ 53. Kh4 Nf5+ 54. Kh3 Kg7 55. Kg2 Ne3+ 56. Kf2 Nf5 57. Kf3 Kf7 58. h6 Kg6 59. Ke4 Nd6+ 60. Kd5 Nf7 61. Ke6 Nd8+ 62. Ke7 Nc6+ 63. Kf8 Nd4 64. Kg8 Nf5 65. h7 Ne7+ 66. Kf8 1-0

[Event "GRE-chT 47th"]
[Site "Patras"]
[Date "2019.07.04"]
[Round "4.6"]
[White "Polymeras, Evangelos"]
[Black "Kolyvas Dimitrakarakos, Panagiot"]
[Result "1/2-1/2"]
[WhiteElo "1766"]
[BlackElo "1468"]
[PlyCount "185"]
[EventDate "2019.07.02"]
[EventType "team-swiss"]
[EventRounds "7"]
[EventCountry "GRE"]
[SourceTitle "CBM 191 Extra"]
[Source "ChessBase"]
[SourceDate "2019.09.30"]
[SourceVersion "1"]
[SourceVersionDate "2019.09.30"]
[SourceQuality "1"]
[WhiteTeam "Triandrias OF"]
[BlackTeam "Heraklion Contact"]
[WhiteTeamCountry "GRE"]
[BlackTeamCountry "GRE"]

1. Nf3 Nf6 2. c4 g6 3. b3 Bg7 4. Bb2 0-0 5. g3 d6 6. d4 c5 7. Bg2 Nc6 8. d5 Nb4 9. a3 Na6 10. Nbd2 Nh5 11. Bxg7 Nxg7 12. e4 e5 13. 0-0 Bd7 14. Ne1 Qc7 15. f4 f6 16. Nd3 Rab8 17. Rf2 b5 18. Qf1 b4 19. a4 Rbe8 20. Bh3 Nb8 21. Re1 Qc8 22. Bxd7 Qxd7 23. f5 g5 24. h4 g4 25. h5 Nxh5 26. Rh2 Ng7 27. Rh6 Re7 28. Qe2 Ne8 29. Qxg4+ Rg7 30. Qh4 Rff7 31. Kf2 a5 32. Rh1 Qe7 33. g4 Nd7 34. Ne1 Nf8 35. Nef3 Nc7 36. Nf1 Ne8 37. Ng3 Kh8 38. Nh5 Rg8 39. Rg1 Qd8 40. Ke2 Qe7 41. g5 Qd8 42. g6 Rb7 43. g7+ Rbxg7 44. Nxg7 Rxg7 45. Rxg7 Kxg7 46. Nh2 Qe7 47. Ng4 Qf7 48. Kd3 Qe7 49. Ke2 Qf7 50. Kd1 Qe7 51. Kc2 Qf7 52. Kd2 Qe7 53. Kd1 Qf7 54. Kc1 Qe7 55. Qg3 Kh8 56. Qh4 Kg7 57. Nh2 Qf7 58. Nf1 Qe7 59. Ng3 Qf7 60. Kc2 Qe7 61. Kd3 Kh8 62. Nh5 Nd7 63. Qg4 Nf8 64. Ke2 Qf7 65. Kd1 Qe7 66. Kc2 Qf7 67. Kb1 Qe7 68. Kb2 Qf7 69. Ng3 Qg7 70. Qh4 Kg8 71. Kc2 Kh8 72. Kd1 Kg8 73. Ke2 Kh8 74. Kf2 Qf7 75. Kg2 Nd7 76. Kh2 Nf8 77. Nh5 Nd7 78. Qg4 Nf8 79. Kh3 Qe7 80. Kh4 Qf7 81. Ng3 Ng7 82. Nh1 Ne8 83. Nf2 Ng7 84. Nd3 Ne8 85. Ne1 Ng7 86. Nf3 Kg8 87. Kh3 Nd7 88. Qh4 Ne8 89. Qg4+ Ng7 90. Nh4 Nf8 91. Kh2 Qe7 92. Qh3 Qd8 93. Qg4 1/2-1/2

[Event "Thessaloniki ESSTH HALK-ch U16 11th"]
[Site "Thessaloniki"]
[Date "2018.11.25"]
[Round "6.2"]
[White "Polymeras, Evangelos"]
[Black "Delaveridis, Dimitrios"]
[Result "1/2-1/2"]
[WhiteElo "1725"]
[BlackElo "1234"]
[PlyCount "87"]
[EventDate "2018.11.03"]
[EventType "swiss"]
[EventRounds "6"]
[EventCountry "GRE"]
[SourceTitle "EXT 2024"]
[Source "ChessBase"]
[SourceDate "2023.10.10"]
[SourceVersion "1"]
[SourceVersionDate "2023.10.10"]
[SourceQuality "1"]

1. d4 d6 2. Nf3 Nf6 3. c4 c6 4. Nc3 g6 5. Bg5 Bg7 6. e3 0-0 7. Be2 Re8 8. 0-0 Bg4 9. b4 Qc7 10. Qc2 Nbd7 11. h3 Bxf3 12. Bxf3 Rac8 13. Rab1 b6 14. Rfc1 e5 15. b5 exd4 16. exd4 c5 17. Bc6 Rf8 18. dxc5 dxc5 19. Re1 Ne5 20. Bxf6 Bxf6 21. Nd5 Qd6 22. Nxf6+ Qxf6 23. Qb2 Rfe8 24. Bxe8 Rxe8 25. Qc2 Qg5 26. Kh1 f5 27. Qd1 f4 28. Qd5+ Kg7 29. f3 Qf5 30. Rb2 Nxc4 31. Qb7+ Qf7 32. Qxf7+ Kxf7 33. Rxe8 Kxe8 34. Re2+ Kd7 35. Re4 Na3 36. Rxf4 Nxb5 37. Ra4 a5 38. Kg1 Kc6 39. Kf2 Nc3 40. Ra3 Nb1 41. Rb3 Nd2 42. Rb2 Nc4 43. Rc2 b5 44. a4 1/2-1/2

[Event "Thessaloniki ESSTH HALK-ch U16 11th"]
[Site "Thessaloniki"]
[Date "2018.11.04"]
[Round "2.2"]
[White "Polymeras, Evangelos"]
[Black "Venetidis, Georgios"]
[Result "1-0"]
[WhiteElo "1725"]
[BlackElo "1408"]
[PlyCount "87"]
[EventDate "2018.11.03"]
[EventType "swiss"]
[EventRounds "6"]
[EventCountry "GRE"]
[SourceTitle "EXT 2024"]
[Source "ChessBase"]
[SourceDate "2023.10.10"]
[SourceVersion "1"]
[SourceVersionDate "2023.10.10"]
[SourceQuality "1"]

1. d4 d5 2. c4 e6 3. Nf3 Nf6 4. g3 Be7 5. Bg2 0-0 6. 0-0 Nbd7 7. Nbd2 c6 8. Qc2 Qc7 9. e4 dxe4 10. Nxe4 Nxe4 11. Qxe4 Bf6 12. Bf4 Qa5 13. c5 Re8 14. Qc2 Be7 15. Nd2 Nf6 16. Nc4 Qd8 17. Bd6 Bd7 18. Qb3 Bc8 19. Qa3 Rf8 20. Bxe7 Qxe7 21. Nb6 axb6 22. Qxa8 bxc5 23. Qa3 Nd5 24. Qxc5 Qf6 25. Rfd1 Rd8 26. a3 g6 27. Rac1 Nc7 28. Qe5 Qxe5 29. dxe5 Rxd1+ 30. Rxd1 Nd5 31. b4 Kf8 32. b5 Bd7 33. bxc6 Bxc6 34. Bxd5 exd5 35. Rd4 Ke7 36. g4 g5 37. f4 Ke6 38. Kf2 h6 39. Kg3 f5 40. exf6 Kxf6 41. h4 Kg6 42. a4 Kf6 43. a5 Kg6 44. Rb4 1-0

[Event "EThessaloniki SSTH HALK-ch U16"]
[Site "Thessaloniki"]
[Date "2017.10.01"]
[Round "1.2"]
[White "Tzovanis, Anastasios Anagnost"]
[Black "Polymeras, Evangelos"]
[Result "1/2-1/2"]
[WhiteElo "1430"]
[BlackElo "1416"]
[PlyCount "73"]
[EventDate "2017.10.01"]
[EventType "swiss"]
[EventRounds "6"]
[EventCountry "GRE"]
[SourceTitle "EXT 2024"]
[Source "ChessBase"]
[SourceDate "2023.10.10"]
[SourceVersion "1"]
[SourceVersionDate "2023.10.10"]
[SourceQuality "1"]

1. c4 Nf6 2. Nf3 c5 3. Nc3 Nc6 4. g3 g6 5. Bg2 Bg7 6. 0-0 0-0 7. e3 d6 8. h3 a6 9. d4 Rb8 10. a3 b5 11. cxb5 axb5 12. b3 Qb6 13. dxc5 dxc5 14. Bb2 Rd8 15. Qe2 Be6 16. Nd2 Na5 17. a4 b4 18. Nb5 Rxd2 19. Qxd2 Nxb3 20. Qc2 Nxa1 21. Bxa1 Bd7 22. Rc1 Bxb5 23. axb5 Qxb5 24. Bf1 Qb6 25. Qxc5 Qxc5 26. Rxc5 b3 27. Rb5 Rxb5 28. Bxb5 Nd5 29. Bc4 Nxe3 30. fxe3 Bxa1 31. Bxb3 Be5 32. Kg2 Kg7 33. Kf3 f6 34. e4 g5 35. g4 h6 36. Be6 Bf4 37. Bd5 1/2-1/2

[Event "GRE-chT U16 9th"]
[Site "Thessaloniki"]
[Date "2016.12.15"]
[Round "1.3"]
[White "Polymeras, Evangelos"]
[Black "Venetidis, Georgios"]
[Result "0-1"]
[WhiteElo "1296"]
[BlackElo "1311"]
[PlyCount "155"]
[EventDate "2016.12.15"]
[EventType "team-swiss"]
[EventRounds "6"]
[EventCountry "GRE"]
[SourceTitle "CBM 176 Extra"]
[Source "ChessBase"]
[SourceDate "2017.03.02"]
[SourceVersion "1"]
[SourceVersionDate "2017.03.02"]
[SourceQuality "1"]
[WhiteTeam "Triandrias"]
[BlackTeam "Neapolis Sykeon"]
[WhiteTeamCountry "GRE"]
[BlackTeamCountry "GRE"]

1. e4 e5 2. Nf3 Nc6 3. Bb5 Nf6 4. d3 d6 5. c3 Be7 6. 0-0 0-0 7. Re1 a6 8. Ba4 b5 9. Bb3 Na5 10. Bc2 c5 11. Nbd2 Nc6 12. h3 Nd7 13. Nf1 Re8 14. Ng3 Nf8 15. Be3 Rb8 16. a3 a5 17. Qd2 b4 18. axb4 axb4 19. Ba4 Qc7 20. d4 bxc3 21. bxc3 Rd8 22. Qc2 Bd7 23. dxc5 dxc5 24. Reb1 Rxb1+ 25. Rxb1 Nb8 26. Bxd7 Nbxd7 27. Nf5 Bf6 28. Qa2 Ne6 29. Qa6 Rb8 30. Rxb8+ Qxb8 31. Qd3 Ndf8 32. Kh2 g6 33. Ng3 Qc7 34. Qd5 Nd7 35. Nf1 Nb6 36. Qb3 Nd4 37. Qd1 Nxf3+ 38. Qxf3 Be7 39. Qd1 Qd6 40. Qxd6 Bxd6 41. Nd2 Kf8 42. Kg1 Ke8 43. Kf1 Kd7 44. Ke2 Kc6 45. c4 Na4 46. Kd3 Kb6 47. Kc2 Ka5 48. Kb3 Nb6 49. f3 Na8 50. Nb1 Nc7 51. Nc3 f5 52. Bg1 Ne6 53. Be3 Nd4+ 54. Bxd4 exd4 55. Nd5 fxe4 56. fxe4 Be5 57. Kc2 Ka6 58. Kd3 Kb7 59. g4 Kc6 60. Ke2 Kd6 61. Kd3 Ke6 62. Kc2 h5 63. Kd3 hxg4 64. hxg4 Bd6 65. Ke2 Ke5 66. Kd3 g5 67. Ke2 Kxe4 68. Kd2 Bf4+ 69. Ke2 d3+ 70. Kd1 Kd4 71. Nb6 Bc7 72. Nd5 Bd8 73. Kd2 Ba5+ 74. Kd1 Kxc4 75. Nf6 Kb3 76. Ne4 c4 77. Nxg5 c3 78. Ne4 0-1